000 00826nmm a2200313 a 4500
003 AR-BaBNM
005 20251128211332.0
008 264020s2001 ||||||||||||||000 | spa||
020 _a950-29-0629-2
040 _cAR-BaBNM
100 1 _aKartun, Mauricio
245 1 0 _aEscritos
_bMauricio Kartun
250 _a1ª ed.
260 _aBuenos Aires
_bLibros del Rojas
_c2001
300 _a200 p.
500 _aEscritos: 1975 al 2001
504 _aContiene reseña autobiográfica en p. 105
504 _aContiene referencias bibliográficas a pie de página
650 4 _aTEATRO
650 4 _aSIGLO VEINTE
650 4 _aPOESIA
651 4 _aAmérica Latina
653 _aNARRATIVA
653 0 _aTITERES
653 _aDRAMATURGOS
700 1 _aDubatti, Jorge
_etraductor
942 _cBK
998 _cEugenia
999 _c19217
_d19217